Suomalaiset kaupungit nähtävyyksien perusteella - Statistics

Yleistilastot
  • Tätä visaa on pelattu 2 521 kertaa
  • Keskiarvotulos 9 / 12
Vastaustilastot
Nähtävyys Kaupunki % Oikein
Joulupukin pajakylä Rovaniemi
97%
Muumimaailma Naantali
92%
Ateneum Helsinki
91%
Tiedekeskus Heureka Vantaa
86%
Puijon torni Kuopio
83%
Toripolliisi Oulu
81%
Vesipuisto Tropiclandia Vaasa
71%
Saimaan kanava Lappeenranta
66%
Forum Marinum Turku
63%
Lakeuden Risti Seinäjoki
58%
Metso-kirjasto Tampere
57%
Carelicum Joensuu
47%
Ehtoja vastaavia visoja ei löytynyt
Tulosjakauma
Jokaisen tuloksen saaneiden osuus
Persentiili vastausten määrän mukaan
Tuloshistoriasi
Et ole pelannut tätä visaa